000 00986cad a22002415a 4500
001 L138230
008 070523e20070519xxkdo f 000 0 eng d
035 _a(Sirsi) u138230
041 0 _aeng
100 1 _aKivlehan, Noella Pio
245 0 0 _aEG
_boffices
260 _c2007
490 _aEstates Gazette
_v(0720) 19 May 2007, 89-117(18)
520 _aCompares the London and New York office markets from 1996. Considers the need for developers to take a more flexible approach to delivery. Pictures some planned Russian developments. Plans for New York office market to address sustainable development and global warming. UK and US office layouts, investment opportunities and office servicing sectors are compared and contrasted.
590 _aKA
651 4 _aInternational
690 _aPROPERTY-COMMERCIAL PROPERTY-OFFICE PROPERTY-OFFICES
700 1 _aHarrington, Paul
700 1 _aQuinn, David
700 1 _aHarris, David
700 1 _aBalerdi, Andrew
942 _n0
999 _c78826
_d78826